Omyl /
Ellie nikdy neměla v lásce moc štěstí. Její jediný vážný vztah se rozpadl před čtyřmi lety a ona od té doby nepotkala nikoho, s kým by chtěla zažít víc než pouze jednu noc. Svého budoucího partnera se pokouší najít i na seznamce. Přitom stačí jeden malý omyl…
Uloženo v:
| Hlavní autor: | |
|---|---|
| Médium: | E-kniha |
| Jazyk: | Czech |
| Vydáno: |
Praha :
E-knihy jedou,
2023
|
| Tagy: |
Žádné tagy |
| LEADER | 01238nam a22002297i 4500 | ||
|---|---|---|---|
| 001 | 312017 | ||
| 007 | ta | ||
| 008 | 260601s2023 xr ||||| |||| 00| 0 cze d | ||
| 020 | |a 9990003814104 | ||
| 044 | |a xr | ||
| 100 | 1 | |a Horáková, Magdaléna |4 aut | |
| 245 | 1 | 0 | |a Omyl / |c Horáková, Magdaléna |
| 264 | 1 | |a Praha : |b E-knihy jedou, |c 2023 | |
| 300 | |a 1 online zdroj (127 stran) | ||
| 336 | |a text |b txt |2 rdacontent | ||
| 337 | |a bez média |b n |2 rdamedia | ||
| 338 | |a online zdroj |b cr |2 rdacarrier | ||
| 520 | 2 | |a Ellie nikdy neměla v lásce moc štěstí. Její jediný vážný vztah se rozpadl před čtyřmi lety a ona od té doby nepotkala nikoho, s kým by chtěla zažít víc než pouze jednu noc. Svého budoucího partnera se pokouší najít i na seznamce. Přitom stačí jeden malý omyl… | |
| 910 | |a RBIT002 | ||
| 998 | |d 381410 |a https://core.palmknihy.cz/api/books/381410/cover?ryq10e |b https://core.palmknihy.cz/api/books/381410/cover/400?ryq10e |c https://core.palmknihy.cz/api/books/381410/cover/50?ryq10e |e |g 127 |i 9990003814104 |j https://core.palmknihy.cz/api/books/381410/preview.epub |k https://core.palmknihy.cz/api/books/381410/preview.pdf |l |q 49 |r 1 |s https://www.palmknihy.cz/kniha/381410 |t ebook |y 2023 |z 1 | ||
| 999 | |d 312015 | ||